| 000 | 01055nam a2200313 4500 | ||
|---|---|---|---|
| 001 | 15945 | ||
| 003 | BD-RjUL | ||
| 005 | 20211208235922.0 | ||
| 008 | 140211r19741969ja b 001 0 eng | ||
| 020 | _a0870110918 | ||
| 035 | _a(BD-RjUL)16000 | ||
| 040 |
_aDLC _cDLC _dDLC _dBD-RjUL _beng |
||
| 041 | _aeng | ||
| 082 | 0 | 0 |
_a650.0952 _bADW 1974 |
| 100 | 1 |
_aAdams, T. F. M. _q(Thomas Francis Morton) _949407 |
|
| 245 | 1 | 4 |
_aThe world of Japanese business / _cT. F. M. Adams [and] N. Kobayashi. |
| 260 |
_aTokyo ; _aPalo Alto, Calif. : _bKodansha International, _cc1969 [Reprinted 1974]. |
||
| 300 |
_a326 p. ; _c22 cm. |
||
| 350 | _a$6.95 | ||
| 504 | _aBibliography: p. 298-300. and index. | ||
| 505 | 0 | _aThrough western eyes, by T. F. M. Adams.--Through Japanese eyes, by N. Kobayashi. | |
| 650 | 0 |
_aBusinesspeople _zJapan. _949408 |
|
| 650 | 0 |
_aIndustries _zJapan. _949409 |
|
| 650 | 0 |
_aBusiness enterprises _zJapan. _949410 |
|
| 700 | 1 |
_aKobayashi, Noritake, _d1932- _949411 |
|
| 942 |
_2ddc _cBK |
||
| 999 |
_c15945 _d15945 |
||